| 000 | 003790000a22001570004500 | ||
|---|---|---|---|
| 001 | 1980 | ||
| 020 | _a978-84-667-48-16-5 | ||
| 082 | 0 | 4 | _aG CD G934c |
| 100 | 1 | _aGudule | |
| 245 | 1 | 0 | _aCuentos de las mil y una noches / Gudule ; diseño Ge2a ed.rardo Domínuez |
| 250 | _a2a ed. | ||
| 260 | _aEspaña : ANAYA | ||
| 300 | _a141 P. | ||
| 650 | 1 | 4 | _aCuentos Clasicos |
| 942 | _cLGB | ||
| 999 |
_c49130 _d49130 |
||